000 00647nam a2200181Ia 4500
008 090124s9999 xx 000 0 und d
082 _b34733
100 _aजोशी श्रीपाद
245 _a जिब्रान खलील जिब्रान
250 _a2
260 _bकॉन्टिनेन्टल प्रकाशन
_c1998
300 _a206
600 _aजोशी श्रीपाद
630 _a जिब्रान खलील जिब्रान
700 _aजोशी श्रीपाद
730 _a जिब्रान खलील जिब्रान
942 _cBOOK
999 _c100670
_d100670